Central Library and Information Centre
Sibsagar Girls' College, Sivasagar : Assam

STUDIES IN MODERN CONSTITUTIONS (Record no. 4989)

MARC details
000 -LEADER
fixed length control field 00332cam a2200157ua 4500
008 - FIXED-LENGTH DATA ELEMENTS--GENERAL INFORMATION
fixed length control field 151111n II |||gr||||Z||||||eng
040 ## - CATALOGING SOURCE
Original cataloging agency MAIN
041 ## - LANGUAGE CODE
-- English
082 ## - DEWEY DECIMAL CLASSIFICATION NUMBER
Classification number 342.02 SEN
100 ## - MAIN ENTRY--PERSONAL NAME
Personal name SEN.
245 ## - TITLE STATEMENT
Title STUDIES IN MODERN CONSTITUTIONS
700 ## - ADDED ENTRY--PERSONAL NAME
Personal name DAS.
942 ## - ADDED ENTRY ELEMENTS (KOHA)
Koha item type Books
653 ## - INDEX TERM--UNCONTROLLED
Uncontrolled term CONSTITUTIONS
Holdings
Withdrawn status Lost status Damaged status Not for loan Collection code Home library Current library Shelving location Date acquired Full call number Barcode Date last seen Copy number Price effective from Koha item type Public note
        TBPSC Central Library and Information Centre Sibsagar Girls College Central Library and Information Centre Sibsagar Girls College POLITICAL SC BOOK RACK 15.05.1975 342.02 SEN 04710 27.02.2020 1 27.02.2020 Books V


Sibsagar Girl's College © 2020. All rights reserved.
Powered by Koha.
Maintained by Abhijit Borpuzari.